000 01120nam a22003377a 4500
003 CHAP
005 20220329134128.0
008 971013s1969 r 00010 d
010 _a15850
011 _a16822
035 _a20904
040 _cCHAP
082 _a501
_bH6
100 0 0 _aHodara, Joseph.
_955730
245 _aCientíficos vs. políticos
_b: ensayos en la sociología de la ciencia
260 _aMéxico, D.F. :
_bUNAM. Fac. de Ciencias Políticas y Sociales,
_c1969
300 _a189 p.
490 _aEstudios
_v; 5
590 _aBATCH-UPD
_b10
_c20130110
_lUCH01
_h0944
590 _aBATCH-UPD
_b10
_c20130410
_lUCH01
_h0600
590 _aBATCH-UPD
_b10
_c20130914
_lUCH01
_h0934
590 _aCONVERSION
_b10
_c20130109
_lUCH01
_h1310
650 1 4 _aCiencia y cultura.
_923148
650 1 4 _aCiencia
_xFilosofía.
_923124
650 1 4 _aCiencias sociales
_xInvestigación.
_923226
830 0 _aEstudios
_v; 5
_938514
901 _aBK
942 _cLIBRO
949 _a501 H6
_bBC
_cLIBRO
_d33724000134748
_eLIBRO
_fc.2
_h67950
_i20904
_si
949 _a501 H6
_bBC
_cLIBRO
_d33724000134862
_eLIBRO
_h15836
_i20904
_mD
_si
999 _c15850
_d15850